Methods and materials for teaching General and Physical Science / (Registro nro. 127347)

Detalles MARC
000 -LEADER
campo de control de longitud fija 00582nam a2200181 4500
001 - NÚMERO DE CONTROL
campo de control 127347
003 - IDENTIFICADOR DE NÚMERO DE CONTROL
campo de control ES-MaACL
005 - FECHA Y HORA DE LA ÚLTIMA TRANSACCIÓN
campo de control 20230906193010.0
007 - CAMPO FIJO DE DESCRIPCIÓN FÍSICA--INFORMACIÓN GENERAL
campo de control de longitud fija t|
008 - DATOS DE LONGITUD FIJA--INFORMACIÓN GENERAL
campo de control de longitud fija 070214s1951 xxu r ||||1| eng d
100 1# - ENTRADA PRINCIPAL--NOMBRE DE PERSONA
Nombre de persona Richardson, John S.
9 (RLIN) 96936
245 10 - MENCIÓN DEL TÍTULO
Título Methods and materials for teaching General and Physical Science /
Mención de responsabilidad, etc. by John S. Richardson and G. P. Cahoon.
250 ## - MENCION DE EDICION
Mención de edición 1st ed.
260 ## - PUBLICACIÓN, DISTRIBUCIÓN, ETC.
Lugar de publicación, distribución, etc. New York [etc.] :
Nombre del editor, distribuidor, etc. McGraw-Hill Book Company,
Fecha de publicación, distribución, etc. 1951.
300 ## - DESCRIPCIÓN FÍSICA
Extensión VIII, 485 p. :
Otras características físicas il. ;
Dimensiones 23 cm.
700 1# - ENTRADA AGREGADA--NOMBRE PERSONAL
Nombre de persona Cahoon, G. P.
9 (RLIN) 33449
852 ## - LOCALIZACIÓN
Ubicación ES-MaACL
Número de control de estantería C-5326
Sublocalización o colección R.37583
Existencias
Estatus retirado Estado de pérdida Estado de daño No para préstamo Biblioteca de origen Biblioteca actual Ubicación en estantería Fecha de adquisición Fuente de adquisición Total de préstamos Signatura topográfica completa Código de barras Visto por última vez Precio de reemplazo Tipo de ítem Koha
        Biblioteca del Ateneo de Madrid Biblioteca del Ateneo de Madrid Sala Palomar 17/01/2008     C-5326 1132639 23/02/2023 23/02/2023 Libro impreso